000 00689nam a2200205 a 4500
001 BRCA_1078
005 20190320203253.0
008 070221s2006 sp-a---##b---#000-0#spa-#
020 _a9788475067704
040 _aDLC
_cDLC
_dDLC
050 4 _aF1391.P8
_b.A44 2006
245 1 0 _aPuebla y el paseo de San Francisco
_ctextos de Arnulfo Allende Carrera ... [et al.].
260 _aMadrid
_bTurner
_c2006
300 _a253 p.
_bil. (algunas a color)
_c33 cm.
504 _aBibliografía: p. 245-249
650 1 4 _aArquitectura
_vTrabajos Ilustrados
_zMéxico
_93552
651 4 _aPuebla (México)
_vTrabajos Ilustrados
_xHistoria
_93553
700 1 _aAllende Carrera, Arnulfo
_93554
942 _2lcc
_cB
999 _c957
_d957